| 000 | 01798nam a2200481 i 4500 | ||
|---|---|---|---|
| 001 | 37226 | ||
| 003 | KOSZ 005 | ||
| 005 | 20220309122432.0 | ||
| 008 | 010425s2000 pl |000 0 pol | ||
| 015 | _aUWD 2001/7317 | ||
| 020 | _a8385854541 | ||
| 035 | _a991016065749705066 | ||
| 035 | _a(PL-WaBN)b14313418-48omnis_nlop | ||
| 035 | _ab14313418 | ||
| 035 | _a(OCoLC)830242104 | ||
| 035 | _a(PL)b0000001431341 | ||
| 035 | _a(EXLNZ-48OMNIS_NETWORK)9910178229505606 | ||
| 040 |
_aWA N _cWA N _dWA N _dKOSZ 005/HR |
||
| 041 | 0 |
_apol _hukr |
|
| 046 | _k2000 | ||
| 080 | _a94(477)".../17" | ||
| 100 | 1 |
_aÂkovenko, Natalìâ Mikolaïvna _d(1942- ) _eAutor |
|
| 245 | 1 | 0 |
_aHistoria Ukrainy : _bod czasów najdawniejszych do końca XVIII wieku / _cNatalia Jakowenko ; przeł. Ola Hnatiuk i Katarzyna Kotyńska. |
| 246 | 1 |
_iTyt. oryg.: _aNaris istoriï Ukraïni : _bs najdavniših časiv do kincâ XVIII stolittâ |
|
| 260 |
_aLublin : _bInstytut Europy Środkowo-Wschodniej, _c2000. |
||
| 300 |
_a397 s. ; _c20 cm. |
||
| 336 |
_aTekst _btxt _2rdacontent |
||
| 337 |
_aBez urządzenia pośredniczącego _bn _2rdamedia |
||
| 338 |
_aWolumin _bnc _2rdacarrier |
||
| 380 | _aKsiążki | ||
| 388 | _a1901-2000 | ||
| 388 | _a1989-2000 | ||
| 490 | 1 | _aDzieje Krajów Europy Środkowo-Wschodniej | |
| 651 | 7 |
_aUkraina _2DBN |
|
| 658 | _aHistoria | ||
| 700 | 1 |
_aHnatiuk, Aleksandra _d(1961- ) _eTłumaczenie |
|
| 700 | 1 |
_aKotyńska, Katarzyna _d(1973- ) _eTłumaczenie |
|
| 710 | 2 |
_aInstytut Europy Środkowo-Wschodniej _4pbl |
|
| 830 | 0 | _aDzieje Krajów Europy Środkowo-Wschodniej | |
| 856 |
_uhttp://koha.tu.koszalin.pl/cgi-bin/koha/opac-detail.pl?biblionumber=37226 _yKatalog online BPK |
||
| 942 |
_2UKD _cKS |
||
| 999 |
_c37226 _d37226 |
||